Statistics for Lana Del Rey - In My Feelings Lyrics

Click here to take the quiz!

General Stats

  • This quiz has been taken 31 times
  • The average score is 320 of 413

Answer Stats

Answer% Correct
I
100%
my
100%
the
100%
Be
95%
be
95%
'cause
95%
'Cause
95%
feelin'
95%
feeling
95%
feelings
95%
Got
95%
got
95%
(Got
95%
(I'm
95%
I'm
95%
in
95%
In
95%
me?
95%
me
95%
that
95%
You
95%
you
95%
all
90%
all)
90%
cryin'
90%
do
90%
for
90%
fuckin'
90%
it
90%
of
90%
runnin'
90%
while
90%
another
86%
baby
86%
Baby
86%
cigarette
86%
face
86%
Get
86%
get
86%
out
86%
smoke
86%
than
86%
your
86%
and
81%
And
81%
bitch?
81%
fell
81%
guest
81%
loser?
81%
loser
81%
Makin'
81%
makin'
81%
money
81%
smokin'
81%
takin'
81%
Talk
81%
talk
81%
Who's
81%
you're
81%
again
76%
comin'
76%
cummin'
76%
doin'
76%
love
76%
make
76%
sleep
76%
switch?
76%
This
76%
this
76%
wanna
76%
but
71%
Could
71%
don't
71%
mine
71%
name
71%
On
71%
time
71%
was
71%
If
67%
so
67%
Talkin'
67%
they
67%
things
67%
wastin'
67%
what's
67%
been
62%
can
62%
freer
62%
know
62%
no
62%
were
62%
With
62%
You've
62%
believe
57%
from
57%
good
57%
roses
57%
screamin'
57%
taking
57%
up
57%
better
52%
hear
52%
honey
52%
I'd
52%
way
52%
at
48%
blue
48%
coffee
48%
doper
48%
now
48%
now)
48%
place
48%
right
48%
there's
48%
treadmill
48%
back
43%
came
43%
cup
43%
down
43%
prisoners
43%
gunnin'
38%
sense
38%
town
38%
crazy
33%
laughin'
33%
much
33%
names
33%
Sobbin'
33%
well
33%
as
29%
Gotta
24%
leave
24%
Against
19%
wall
19%

Score Distribution

Percentile by Number Answered

Percent of People with Each Score

Your Score History

You have not taken this quiz